[Event "Ïåðâåíñòâî Ìîñêâû ïî øàõìàòàì"]
[Site "Ìîñêâà, ÌÃÈÌÎ ïð. Âåðíàäñêîãî,"]
[Date "2018.11.20"]
[Round "4.26"]
[White "Selivanov, Alexandr"]
[Black "Titkov, Svyatoslav"]
[Result "1-0"]
[WhiteElo "1176"]
[BlackElo "1106"]
[PlyCount "43"]
[EventDate "2018.11.18"]

1. e4 e5 2. Nf3 Nc6 3. Nc3 Bc5 4. Nxe5 Bxf2+ 5. Kxf2 Nxe5 6. d4 Ng6 7. Bc4 d6
8. Rf1 Nf6 9. Kg1 Bd7 10. Bg5 h6 11. Bxf6 gxf6 12. Nd5 O-O 13. Nxf6+ Kg7 14.
Qe1 Qe7 15. Qg3 a6 16. h4 Kh8 17. h5 Ne5 18. dxe5 dxe5 19. Nxd7 Qxd7 20. Qxe5+
Kg8 21. Rf3 Rae8 22. Rg3+ 1-0

[Event "Ïåðâåíñòâî Ìîñêâû ïî øàõìàòàì"]
[Site "Ìîñêâà, ÌÃÈÌÎ ïð. Âåðíàäñêîãî,"]
[Date "2018.11.21"]
[Round "5.1"]
[White "Maslovskiy, Vladimir"]
[Black "Averin, Nikolay"]
[Result "0-1"]
[WhiteElo "1231"]
[BlackElo "1557"]
[PlyCount "108"]
[EventDate "2018.11.18"]

1. e4 Nf6 2. e5 Nd5 3. Nc3 Nb6 4. d4 d6 5. Bf4 g6 6. Qd2 Bg7 7. exd6 cxd6 8.
O-O-O O-O 9. Nf3 Nc6 10. Bh6 Re8 11. h4 Bh8 12. h5 d5 13. Qf4 Nxd4 14. hxg6
fxg6 15. Ng5 Bf5 16. Nxh7 e5 17. Qh2 Qd7 18. Bg5 Qf7 19. Be3 Bg7 20. Ng5 Qe7
21. Qh7+ Kf8 22. Bd3 e4 23. Bf1 Ne6 24. Nxe6+ Qxe6 25. Bh6 Bxh6+ 26. Qxh6+ Kf7
27. Qf4 Qe5 28. Rh7+ Ke6 29. Qxe5+ Kxe5 30. Bb5 Reb8 31. Re1 a6 32. Bf1 Nd7 33.
f3 Nf6 34. Rh4 Rh8 35. Rxh8 Rxh8 36. fxe4 dxe4 37. Be2 Kf4 38. g4 Be6 39. Bd1
Rh4 40. Rf1+ Kg5 41. Re1 Kf4 42. Rf1+ Ke5 43. g5 Nh7 44. Rf6 Nxf6 45. gxf6 Kxf6
46. Kd2 Ke5 47. Ke3 Rh3+ 48. Kd2 g5 49. Ne2 Rh2 50. Ke3 Bg4 51. Kd2 Bxe2 52.
Bxe2 g4 53. Ke3 g3 54. Kd2 g2 0-1

[Event "Ïåðâåíñòâî Ìîñêâû ïî øàõìàòàì"]
[Site "Ìîñêâà, ÌÃÈÌÎ ïð. Âåðíàäñêîãî,"]
[Date "2018.11.21"]
[Round "5.2"]
[White "Zverev, Lev"]
[Black "Uskov, Artem"]
[Result "0-1"]
[WhiteElo "1723"]
[BlackElo "1366"]
[PlyCount "128"]
[EventDate "2018.11.18"]

1. e4 e5 2. Nf3 Nc6 3. Bb5 a6 4. Ba4 Nf6 5. d3 Bc5 6. c3 d6 7. O-O O-O 8. Nbd2
b5 9. Bb3 Bb7 10. h3 Bb6 11. Re1 a5 12. Nf1 d5 13. Qe2 dxe4 14. dxe4 b4 15. Ng3
a4 16. Bc2 Ba6 17. Qd2 bxc3 18. Qxc3 Bb5 19. Rd1 Qe7 20. Nf5 Qc5 21. Qxc5 Bxc5
22. a3 Rfd8 23. Be3 Bxe3 24. Nxe3 Rxd1+ 25. Rxd1 Be2 26. Rc1 Bxf3 27. gxf3 Nd4
28. Bd1 Ra7 29. Rc4 Kf8 30. Nc2 Nb3 31. Nb4 Nd7 32. Bxb3 axb3 33. Rc3 c5 34.
Nd3 Ra5 35. Nc1 Rxa3 36. Nxb3 Ra2 37. Nxc5 Nxc5 38. Rxc5 Rxb2 39. Rxe5 g6 40.
Kg2 Kg7 41. Rd5 Kf6 42. Kg3 Rb3 43. Kf4 h6 44. h4 Rb6 45. Kg4 Rb2 46. Kg3 Rb3
47. Rd6+ Kg7 48. Kf4 Rb2 49. Ke3 Rb3+ 50. Rd3 Rb1 51. Kf4 Rg1 52. e5 g5+ 53.
hxg5 Rxg5 54. Rd1 Rg2 55. Ke3 Kg6 56. f4 Rh2 57. Kf3 Rh3+ 58. Kg4 Rb3 59. f5+
Kg7 60. Rd7 Rb8 61. e6 Rf8 62. Kh5 Kf6 63. e7 Re8 64. Kxh6 Rh8# 0-1

[Event "Ïåðâåíñòâî Ìîñêâû ïî øàõìàòàì"]
[Site "Ìîñêâà, ÌÃÈÌÎ ïð. Âåðíàäñêîãî,"]
[Date "2018.11.21"]
[Round "5.3"]
[White "Maimin, Leonid"]
[Black "Usov, Aleksandr E"]
[Result "0-1"]
[WhiteElo "1379"]
[BlackElo "1640"]
[PlyCount "84"]
[EventDate "2018.11.18"]

1. e4 c6 2. d4 d5 3. Nc3 dxe4 4. Nxe4 Bf5 5. Ng3 Bg6 6. Nf3 Nd7 7. h4 h6 8. c3
e6 9. Bf4 Ngf6 10. Nd2 Nd5 11. Be3 e5 12. Bc4 Nxe3 13. fxe3 exd4 14. exd4 Qe7+
15. Qe2 b5 16. Bb3 O-O-O 17. Qxe7 Bxe7 18. h5 Bd6 19. Ndf1 Bd3 20. Bxf7 Rhf8
21. Bg6 Bxg6 22. hxg6 Rde8+ 23. Kd1 Re6 24. Rc1 Bxg3 25. Nxg3 Rxg6 26. Rh3 Nf6
27. Rc2 Nd5 28. Ne4 Rf1+ 29. Ke2 Rxg2+ 30. Kxf1 Rxc2 31. Rf3 Rxb2 32. Rf8+ Kd7
33. Rf7+ Ne7 34. Ng3 Rxa2 35. Nf5 Ke6 36. Rxe7+ Kxf5 37. Re5+ Kf4 38. Re7 g5
39. Rf7+ Kg3 40. Rh7 Ra3 41. Rxh6 Rxc3 42. d5 cxd5 0-1

[Event "Ïåðâåíñòâî Ìîñêâû ïî øàõìàòàì"]
[Site "Ìîñêâà, ÌÃÈÌÎ ïð. Âåðíàäñêîãî,"]
[Date "2018.11.21"]
[Round "5.4"]
[White "Silenko, Alexey"]
[Black "Akhmedov, David"]
[Result "0-1"]
[WhiteElo "1347"]
[BlackElo "1561"]
[PlyCount "56"]
[EventDate "2018.11.18"]

1. e4 c5 2. Nf3 d6 3. d3 Nc6 4. g3 g6 5. Bg2 Bg7 6. O-O e5 7. Nbd2 Nge7 8. h4
O-O 9. Nh2 Be6 10. Ndf3 h6 11. h5 g5 12. Be3 f5 13. exf5 Nxf5 14. Qd2 Nxe3 15.
fxe3 Rc8 16. c4 Rc7 17. Rf2 Rcf7 18. Raf1 e4 19. dxe4 Bxc4 20. Rd1 Bxa2 21.
Qxd6 Qxd6 22. Rxd6 Ne5 23. Rd1 g4 24. Nxe5 Rxf2 25. Nhxg4 Rxb2 26. Nd3 Rc2 27.
Bf1 b5 28. Ra1 Bxa1 0-1

[Event "Ïåðâåíñòâî Ìîñêâû ïî øàõìàòàì"]
[Site "Ìîñêâà, ÌÃÈÌÎ ïð. Âåðíàäñêîãî,"]
[Date "2018.11.21"]
[Round "5.5"]
[White "Tunik, Denis"]
[Black "Frolov, Maxim"]
[Result "1/2-1/2"]
[WhiteElo "1673"]
[BlackElo "1218"]
[PlyCount "136"]
[EventDate "2018.11.18"]

1. d4 Nf6 2. c4 g6 3. Nc3 d5 4. cxd5 Nxd5 5. Bd2 Bg7 6. e4 Nxc3 7. Bxc3 O-O 8.
h3 c5 9. Nf3 cxd4 10. Nxd4 Bd7 11. Be2 Nc6 12. O-O Nxd4 13. Bxd4 Bc6 14. Bxg7
Kxg7 15. Bf3 e5 16. Re1 Qe7 17. Qb3 Rfd8 18. Rad1 a6 19. Qc3 Ba4 20. b3 Bc6 21.
g3 h6 22. Bg2 Rac8 23. Qb2 Kg8 24. h4 h5 25. Bh3 Rb8 26. Bg2 Kh7 27. Qc3 Kg8
28. a4 Rbc8 29. Qa5 Rb8 30. Qb6 Rd7 31. Rc1 Rbd8 32. Kh2 Rd2 33. Rc3 R2d3 34.
Re3 R3d4 35. Rc1 Rd3 36. Rce1 Rxe3 37. Rxe3 Rd2 38. Rc3 Rd4 39. Qc5 Qf6 40. Rf3
Qe6 41. Re3 Rd8 42. Bh3 Qd6 43. Qc4 Qd4 44. Qc2 Rd6 45. Qe2 Rf6 46. Bg2 Rd6 47.
Qc2 Qb4 48. Qc3 Qxc3 49. Rxc3 Rd2 50. f3 Rb2 51. Kg1 Kg7 52. Bf1 Rd2 53. Rc5
Kf6 54. Bxa6 Rb2 55. Bb5 Rxb3 56. Bxc6 bxc6 57. Rxc6+ Kg7 58. Kf2 Ra3 59. Rc4
Kf6 60. Ke2 Ra2+ 61. Ke3 Ra3+ 62. Ke2 Ra2+ 63. Kd3 Ra3+ 64. Ke2 Ra2+ 65. Kf1
Ra1+ 66. Kg2 Ra2+ 67. Kf1 Ra1+ 68. Ke2 Ra2+ 1/2-1/2

[Event "Ïåðâåíñòâî Ìîñêâû ïî øàõìàòàì"]
[Site "Ìîñêâà, ÌÃÈÌÎ ïð. Âåðíàäñêîãî,"]
[Date "2018.11.21"]
[Round "5.6"]
[White "Pereverzev, Timofei"]
[Black "Parpiev, Isaak"]
[Result "0-1"]
[WhiteElo "1338"]
[BlackElo "1314"]
[PlyCount "56"]
[EventDate "2018.11.18"]

1. d4 Nf6 2. Nf3 g6 3. Nc3 Bg7 4. e4 d6 5. Be3 O-O 6. Be2 Bg4 7. h3 Bxf3 8.
Bxf3 c6 9. Qd2 Nbd7 10. O-O Qc7 11. Be2 Rad8 12. Rad1 a6 13. f4 c5 14. e5 dxe5
15. fxe5 Nxe5 16. Bf4 cxd4 17. Nb1 Nd5 18. Bh2 Ne3 19. Na3 Nxd1 20. Rxd1 Qc5
21. b4 Qc3 22. Qxc3 dxc3 23. Re1 Nc6 24. b5 Nd4 25. bxa6 Nxe2+ 26. Rxe2 bxa6
27. Rxe7 Bd4+ 28. Kh1 Bc5 0-1

[Event "Ïåðâåíñòâî Ìîñêâû ïî øàõìàòàì"]
[Site "Ìîñêâà, ÌÃÈÌÎ ïð. Âåðíàäñêîãî,"]
[Date "2018.11.21"]
[Round "5.7"]
[White "Ivannikov, Maksim"]
[Black "Lyadov, Kirill"]
[Result "1/2-1/2"]
[WhiteElo "1291"]
[BlackElo "1226"]
[PlyCount "82"]
[EventDate "2018.11.18"]

1. e4 e5 2. Nf3 Nc6 3. Bc4 Bc5 4. d3 Nf6 5. O-O O-O 6. c3 d5 7. exd5 Nxd5 8.
Re1 Bg4 9. h3 Bh5 10. g4 Bg6 11. Nxe5 Nxe5 12. Rxe5 c6 13. Qf3 Qc7 14. Re1 Rfe8
15. Bd2 b5 16. Bxd5 cxd5 17. Na3 Qb6 18. d4 Bxa3 19. bxa3 Be4 20. Qe3 f6 21.
Qg3 Qb8 22. Bf4 Qb6 23. f3 Bg6 24. Rxe8+ Rxe8 25. Re1 Qc6 26. Rxe8+ Qxe8 27.
Qf2 Kf7 28. a4 bxa4 29. Qb2 Kg8 30. Kf2 Bd3 31. Be3 Bc4 32. g5 Qb5 33. Qxb5
Bxb5 34. a3 f5 35. Kg3 Kf7 36. Kf4 Ke6 37. h4 g6 38. Bd2 Bc4 39. Kg3 Bb3 40. h5
Bd1 41. hxg6 hxg6 1/2-1/2

[Event "Ïåðâåíñòâî Ìîñêâû ïî øàõìàòàì"]
[Site "Ìîñêâà, ÌÃÈÌÎ ïð. Âåðíàäñêîãî,"]
[Date "2018.11.21"]
[Round "5.8"]
[White "Averkiev, Andrei"]
[Black "Artelnykh, Leonid"]
[Result "1-0"]
[WhiteElo "1440"]
[BlackElo "1354"]
[PlyCount "103"]
[EventDate "2018.11.18"]

1. d4 d5 2. c4 c6 3. cxd5 cxd5 4. Nc3 Nf6 5. Nf3 Nc6 6. Bf4 Bg4 7. Ne5 e6 8.
Nxg4 Nxg4 9. e3 Nf6 10. Bb5 Be7 11. Qa4 Qb6 12. O-O O-O 13. Ne2 Nb4 14. a3 a6
15. axb4 Qxb5 16. Nc3 Qxa4 17. Rxa4 b5 18. Ra2 Bxb4 19. Rfa1 Bxc3 20. bxc3 h6
21. f3 Rfc8 22. Rxa6 Rxa6 23. Rxa6 Rxc3 24. Ra8+ Kh7 25. Ra7 Kg6 26. g4 b4 27.
h4 h5 28. g5 Ng8 29. Rb7 b3 30. Kf2 Rc2+ 31. Kg3 b2 32. Bd6 f6 33. Ba3 Rc3 34.
Bf8 b1=Q 35. Rxb1 Kf7 36. g6+ Ke8 37. Rb8+ Kd7 38. Bxg7 Rc8 39. Rxc8 Kxc8 40.
e4 Kd7 41. e5 Ne7 42. exf6 Nxg6 43. f7 Ke7 44. f8=Q+ Nxf8 45. Bxf8+ Kxf8 46.
Kf4 Kg7 47. Ke5 Kf7 48. f4 Ke7 49. f5 exf5 50. Kxf5 Kf7 51. Ke5 Ke7 52. Kxd5
1-0

[Event "Ïåðâåíñòâî Ìîñêâû ïî øàõìàòàì"]
[Site "Ìîñêâà, ÌÃÈÌÎ ïð. Âåðíàäñêîãî,"]
[Date "2018.11.21"]
[Round "5.9"]
[White "Abdeev, Lev"]
[Black "Zherdev, Radomir"]
[Result "1-0"]
[WhiteElo "1181"]
[BlackElo "1293"]
[PlyCount "95"]
[EventDate "2018.11.18"]

1. e4 d5 2. exd5 Nf6 3. d4 Nxd5 4. Nf3 Bg4 5. Be2 e6 6. O-O Nd7 7. c3 N7b6 8.
Be3 Bxf3 9. Bxf3 c6 10. Be2 Nxe3 11. fxe3 Qg5 12. Qd2 Bd6 13. e4 Qh4 14. e5 Be7
15. Qe1 Qxe1 16. Rxe1 c5 17. Bb5+ Kd8 18. Rd1 Kc7 19. Nd2 Rhd8 20. Nb3 c4 21.
Nd2 Bg5 22. Nxc4 Nd5 23. Ba4 a6 24. Bb3 b5 25. Na3 Ne3 26. Re1 Kb6 27. Nc2 Nf5
28. a3 Rac8 29. g3 a5 30. Kg2 Ka6 31. Ba2 h5 32. Bb1 Rh8 33. h3 Rh6 34. h4 Be7
35. Ne3 g6 36. Bd3 Kb6 37. a4 b4 38. Nc4+ Ka7 39. Rac1 bxc3 40. bxc3 g5 41.
hxg5 Bxg5 42. Rb1 h4 43. g4 h3+ 44. Kf3 Nh4+ 45. Kg3 Ng2 46. Rh1 Ne3 47. Nd6
Rxc3 48. Nb5+ 1-0

[Event "Ïåðâåíñòâî Ìîñêâû ïî øàõìàòàì"]
[Site "Ìîñêâà, ÌÃÈÌÎ ïð. Âåðíàäñêîãî,"]
[Date "2018.11.21"]
[Round "5.10"]
[White "Dianin, Georgiy"]
[Black "Nikitin, Stepan"]
[Result "1-0"]
[WhiteElo "1060"]
[BlackElo "1190"]
[PlyCount "75"]
[EventDate "2018.11.18"]

1. e4 c6 2. d4 d5 3. exd5 cxd5 4. Nf3 Nc6 5. c3 Nf6 6. Be2 Bg4 7. Be3 e6 8. h3
Bxf3 9. Bxf3 Bd6 10. O-O O-O 11. Bg5 b5 12. a3 Be7 13. Nd2 e5 14. dxe5 Nxe5 15.
Nb3 Nxf3+ 16. Qxf3 Ne4 17. Bxe7 Qxe7 18. Qd3 Qd7 19. Rad1 Rfd8 20. Rfe1 Nf6 21.
Nd4 a6 22. Nf5 g6 23. Nd4 Rab8 24. Nf3 Qc7 25. Ne5 Re8 26. Nf3 Qc4 27. Qd2
Rxe1+ 28. Rxe1 Ne4 29. Qf4 Re8 30. Ng5 f5 31. f3 Qc5+ 32. Kh2 Qf2 33. Nxe4 Rxe4
34. Qb8+ Kg7 35. fxe4 f4 36. Qe5+ Kh6 37. exd5 Qg3+ 38. Kg1 1-0

[Event "Ïåðâåíñòâî Ìîñêâû ïî øàõìàòàì"]
[Site "Ìîñêâà, ÌÃÈÌÎ ïð. Âåðíàäñêîãî,"]
[Date "2018.11.21"]
[Round "5.11"]
[White "Fedosov, Alexander"]
[Black "Yonal, Timur"]
[Result "1/2-1/2"]
[WhiteElo "1140"]
[BlackElo "1524"]
[PlyCount "81"]
[EventDate "2018.11.18"]

1. d4 d5 2. c4 c6 3. Nc3 Nf6 4. Nf3 e6 5. Bf4 Nbd7 6. e3 Be7 7. Be2 dxc4 8.
Bxc4 c5 9. dxc5 Nxc5 10. Qxd8+ Bxd8 11. Nb5 Nd5 12. Bxd5 Nd3+ 13. Ke2 Nxf4+ 14.
exf4 exd5 15. Nd6+ Ke7 16. Nxc8+ Rxc8 17. Rad1 Rc2+ 18. Rd2 Rxd2+ 19. Kxd2 Bb6
20. Re1+ Kd6 21. Re2 h6 22. Ne5 Rf8 23. Kd3 Bd8 24. b3 Bb6 25. Nf3 g6 26. Ne5
Bc5 27. g3 a6 28. Rc2 Bb6 29. Re2 Bd8 30. a4 Ba5 31. Kd4 Bb6+ 32. Kd3 Ba7 33.
Rc2 Bb6 34. Re2 g5 35. fxg5 hxg5 36. Nf3 f6 37. h4 gxh4 38. Nxh4 f5 39. Ng6 Rf6
40. Nf4 Rh6 41. f3 1/2-1/2

[Event "Ïåðâåíñòâî Ìîñêâû ïî øàõìàòàì"]
[Site "Ìîñêâà, ÌÃÈÌÎ ïð. Âåðíàäñêîãî,"]
[Date "2018.11.21"]
[Round "5.12"]
[White "Khlypovka, Stepan"]
[Black "Nevskiy, Mikhail"]
[Result "1/2-1/2"]
[WhiteElo "1220"]
[BlackElo "1528"]
[PlyCount "86"]
[EventDate "2018.11.18"]

1. d4 d5 2. Nf3 Nf6 3. e3 e6 4. b3 Bd6 5. Bb2 Nbd7 6. Nbd2 b6 7. Bd3 Bb7 8. Ne5
Rc8 9. O-O O-O 10. f4 Ne4 11. Rf3 Nxe5 12. dxe5 Bb4 13. c3 Bxc3 14. Bxc3 Nxc3
15. Qc2 Ne4 16. Nxe4 dxe4 17. Bxe4 Bxe4 18. Qxe4 Qd5 19. Qxd5 exd5 20. Rd1 Rfd8
21. Rf2 Rd7 22. Rfd2 Rcd8 23. Kf2 Kf8 24. Kf3 Ke7 25. g4 Ke6 26. Ke2 c5 27. Rc1
Rc8 28. a4 a6 29. e4 d4 30. Kd3 Rb7 31. Rdc2 Rbc7 32. h4 Kd7 33. h5 b5 34. f5
f6 35. e6+ Kd6 36. axb5 axb5 37. b4 c4+ 38. Kxd4 Ra8 39. Rc3 Ra4 40. Rb1 Rca7
41. Ke3 Kc6 42. Kf4 h6 43. e5 Re7 1/2-1/2

[Event "Ïåðâåíñòâî Ìîñêâû ïî øàõìàòàì"]
[Site "Ìîñêâà, ÌÃÈÌÎ ïð. Âåðíàäñêîãî,"]
[Date "2018.11.21"]
[Round "5.14"]
[White "Gerasimov, Matvey"]
[Black "Kovaler, Filipp"]
[Result "1/2-1/2"]
[WhiteElo "1225"]
[BlackElo "1182"]
[PlyCount "85"]
[EventDate "2018.11.18"]

1. e4 c6 2. d4 d5 3. exd5 cxd5 4. Bd3 Nc6 5. c3 Nf6 6. h3 g6 7. Nf3 Bf5 8. Qc2
Bxd3 9. Qxd3 e6 10. Nbd2 Bd6 11. Qe2 Qc7 12. Nf1 h6 13. Ne3 Kd7 14. Ng4 Nxg4
15. hxg4 Bf4 16. Be3 Rh7 17. O-O-O Bxe3+ 18. Qxe3 Rah8 19. g3 Kc8 20. Rh2 Qe7
21. Rdh1 Qf6 22. g5 Qg7 23. gxh6 Qf8 24. g4 Kd7 25. g5 f6 26. a3 Na5 27. Re1
Qf7 28. Qf4 Rf8 29. gxf6 Qxf6 30. Qxf6 Rxf6 31. Ng5 Rh8 32. h7 Nc6 33. Re3 Nd8
34. Rf3 Rxf3 35. Nxf3 Ke7 36. Ne5 Kf6 37. Rh6 Kg7 38. Rxg6+ Kxh7 39. Rg4 Rf8
40. f3 Nc6 41. Nxc6 bxc6 42. Kd2 Rxf3 43. Rg2 1/2-1/2

[Event "Ïåðâåíñòâî Ìîñêâû ïî øàõìàòàì"]
[Site "Ìîñêâà, ÌÃÈÌÎ ïð. Âåðíàäñêîãî,"]
[Date "2018.11.21"]
[Round "5.17"]
[White "Rusakov, Makar"]
[Black "Bachaliashvili, Eduard"]
[Result "0-1"]
[WhiteElo "1156"]
[BlackElo "1253"]
[PlyCount "80"]
[EventDate "2018.11.18"]

1. d4 Nf6 2. c4 e6 3. Nc3 b6 4. e4 d6 5. f3 Be7 6. Be3 Ba6 7. b4 Nbd7 8. b5 Bb7
9. Nge2 e5 10. Qd2 a6 11. Rb1 h6 12. a4 axb5 13. axb5 Ra5 14. Kf2 Nh5 15. g3 g5
16. Bg2 Rg8 17. Ra1 Ra8 18. Nd5 Bxd5 19. cxd5 Rc8 20. Nc1 Ng7 21. g4 h5 22. h3
Nf8 23. dxe5 dxe5 24. Na2 Ng6 25. Nb4 Bxb4 26. Qxb4 Nf4 27. Qc3 Qd6 28. Qc6+
Ke7 29. Qxd6+ cxd6 30. Bxf4 gxf4 31. Ra7+ Kf6 32. Rb7 Rc2+ 33. Kg1 hxg4 34.
fxg4 Kg5 35. Rxb6 Kh4 36. Rxd6 Kg3 37. Rc6 Rxg2+ 38. Kf1 f3 39. Rg1 Kh2 40. d6
Rxg1+ 0-1

[Event "Ïåðâåíñòâî Ìîñêâû ïî øàõìàòàì"]
[Site "Ìîñêâà, ÌÃÈÌÎ ïð. Âåðíàäñêîãî,"]
[Date "2018.11.21"]
[Round "5.20"]
[White "Melnikov, Vladimir"]
[Black "Chekanov, Timur"]
[Result "0-1"]
[WhiteElo "1097"]
[BlackElo "1204"]
[PlyCount "76"]
[EventDate "2018.11.18"]

1. e4 d5 2. exd5 Qxd5 3. Nc3 Qd8 4. Bc4 Nf6 5. Nf3 Bf5 6. O-O e6 7. d3 Be7 8.
Bf4 c6 9. Ne2 O-O 10. Ng3 Bg6 11. Qd2 Nd5 12. Bg5 Bxg5 13. Nxg5 Nd7 14. N5e4
N7f6 15. Nxf6+ Qxf6 16. Ne4 Qd8 17. Nc5 b6 18. Ne4 Rc8 19. Rae1 c5 20. Ba6 Rc7
21. Nc3 Nxc3 22. Qxc3 Rd7 23. Bc4 Rd4 24. Re3 Re8 25. Rg3 Kh8 26. Bb5 Re7 27.
Bc6 Rc7 28. Be4 Bxe4 29. dxe4 e5 30. Qf3 f6 31. Rh3 Rcd7 32. Qh5 h6 33. Re3 Rd1
34. Ree1 Rxe1 35. Rxe1 Rd2 36. Rc1 Qd4 37. Qf3 Qxb2 38. Qb3 Qxc1# 0-1

[Event "Ïåðâåíñòâî Ìîñêâû ïî øàõìàòàì"]
[Site "Ìîñêâà, ÌÃÈÌÎ ïð. Âåðíàäñêîãî,"]
[Date "2018.11.21"]
[Round "5.22"]
[White "Saulin, Grigoriy"]
[Black "Selivanov, Alexandr"]
[Result "1-0"]
[WhiteElo "1056"]
[BlackElo "1176"]
[PlyCount "67"]
[EventDate "2018.11.18"]

1. e4 e5 2. Nf3 Nc6 3. Bc4 Nf6 4. Ng5 d5 5. exd5 Na5 6. Bb5+ c6 7. dxc6 bxc6 8.
Qf3 Bb7 9. Bd3 Be7 10. Nc3 O-O 11. Qf5 Bc8 12. Qxe5 Bd6 13. Qd4 Re8+ 14. Be2 h6
15. Nf3 Bg4 16. d3 Bxf3 17. gxf3 Qe7 18. Ne4 Nxe4 19. fxe4 Bc5 20. Qa4 Rad8 21.
Bd2 Nb7 22. Qxc6 Rc8 23. Qd5 Red8 24. Qf5 Rc6 25. e5 Rd5 26. f4 Qh4+ 27. Kd1
Rd8 28. b4 Bd4 29. Rc1 Qf2 30. Qe4 Rg6 31. c3 Bb6 32. Qxb7 Rg2 33. Qf3 Qxf3 34.
Bxf3 1-0

[Event "Ïåðâåíñòâî Ìîñêâû ïî øàõìàòàì"]
[Site "Ìîñêâà, ÌÃÈÌÎ ïð. Âåðíàäñêîãî,"]
[Date "2018.11.21"]
[Round "5.23"]
[White "Morozov, Nikolay"]
[Black "Korovko, Iakov"]
[Result "0-1"]
[WhiteElo "1128"]
[BlackElo "1125"]
[PlyCount "72"]
[EventDate "2018.11.18"]

1. e4 e6 2. d4 d5 3. Nd2 Nf6 4. e5 Nfd7 5. Bd3 c5 6. c3 Nc6 7. Ne2 cxd4 8. cxd4
f6 9. exf6 Qxf6 10. Nf3 h6 11. O-O Bd6 12. Nc3 O-O 13. Re1 a6 14. Be3 b5 15. a3
Nb6 16. Ne5 Bxe5 17. dxe5 Qd8 18. Bc5 Rf7 19. Bg6 Raa7 20. Bxf7+ Rxf7 21. Rc1
Nc4 22. b3 N4xe5 23. Bd4 Qg5 24. Bxe5 Nxe5 25. Re3 d4 26. Ne4 Qd8 27. Rec3 Bb7
28. Rc5 Rf5 29. Rc7 Qh4 30. Ng3 Ng4 31. h3 Nxf2 32. Nxf5 exf5 33. Qe1 Nxh3+ 34.
Kh2 Nf2+ 35. Kg1 Qh1+ 36. Kxf2 Qxg2# 0-1

[Event "Ïåðâåíñòâî Ìîñêâû ïî øàõìàòàì"]
[Site "Ìîñêâà, ÌÃÈÌÎ ïð. Âåðíàäñêîãî,"]
[Date "2018.11.21"]
[Round "5.25"]
[White "Minko, Aleksandr"]
[Black "Semin, Danila"]
[Result "0-1"]
[WhiteElo "1213"]
[BlackElo "1006"]
[PlyCount "144"]
[EventDate "2018.11.18"]

1. e4 e5 2. Nf3 Nc6 3. Nc3 Nf6 4. Bb5 Bc5 5. O-O d6 6. d4 exd4 7. Nxd4 Bxd4 8.
Qxd4 Bd7 9. Bxc6 Bxc6 10. e5 dxe5 11. Qxe5+ Qe7 12. Qxe7+ Kxe7 13. Re1+ Kd7 14.
Bf4 Rad8 15. Rad1+ Kc8 16. Kf1 Rhe8 17. Rxd8+ Kxd8 18. Rxe8+ Bxe8 19. Ke2 Bc6
20. g3 Nd5 21. Nd1 Nxf4+ 22. gxf4 Kd7 23. Kd3 Kd6 24. Ne3 Ke6 25. Kd4 f5 26. c3
g6 27. a3 b6 28. Nc4 Bb5 29. Ne5 Ba4 30. Nf3 h6 31. Nh4 Be8 32. b4 Kd6 33. Nf3
Bb5 34. Ne5 c5+ 35. Ke3 Be8 36. c4 cxb4 37. axb4 a6 38. Kd4 b5 39. c5+ Kc7 40.
Kd5 h5 41. h4 Kb7 42. Ke6 Kc7 43. Ke7 Bc6 44. Nxg6 a5 45. bxa5 b4 46. Ne5 b3
47. Nd3 Bb5 48. Nb2 Kc6 49. Ke6 Kxc5 50. Ke5 Kb4 51. Kd4 Ka3 52. Kc3 Be2 53. f3
Ba6 54. Nd1 Bb5 55. Ne3 b2 56. Nc2+ Ka2 57. Nb4+ Ka1 58. Nc2+ Kb1 59. Na3+ Ka1
60. Kb4 Bc6 61. a6 b1=Q+ 62. Nxb1 Kxb1 63. Kc5 Bxf3 64. Kd4 Kc2 65. Ke5 Be4 66.
Kf6 Kd3 67. Kg5 Ke3 68. Kxh5 Kxf4 69. Kg6 Kg4 70. h5 f4+ 71. Kf6 Kxh5 72. Ke5
f3 0-1

[Event "Ïåðâåíñòâî Ìîñêâû ïî øàõìàòàì"]
[Site "Ìîñêâà, ÌÃÈÌÎ ïð. Âåðíàäñêîãî,"]
[Date "2018.11.21"]
[Round "5.26"]
[White "Titkov, Svyatoslav"]
[Black "Markoziya, Georgiy"]
[Result "0-1"]
[WhiteElo "1106"]
[BlackElo "1100"]
[PlyCount "114"]
[EventDate "2018.11.18"]

1. e4 e5 2. Bc4 Nf6 3. d3 Nc6 4. Nf3 Be7 5. c3 O-O 6. Nbd2 d6 7. O-O Na5 8. Bb3
Nxb3 9. Qxb3 Rb8 10. d4 Be6 11. d5 Bc8 12. h3 Nh5 13. c4 Nf4 14. Qe3 b6 15. Ne1
Bg5 16. Qf3 Qf6 17. Nd3 Nxd3 18. Qxd3 Bf4 19. Nf3 g5 20. Bxf4 Qxf4 21. Qe3 Qxe3
22. fxe3 h6 23. Nh2 Bd7 24. a4 a6 25. b4 a5 26. b5 Rbe8 27. g4 f6 28. Nf3 Re7
29. Kh2 Be8 30. Ng1 Bg6 31. Ne2 Bxe4 32. Ng3 Bd3 33. Rf3 Bg6 34. e4 Rh7 35.
Raf1 Kg7 36. Nh5+ Bxh5 37. gxh5 Rf7 38. Kg3 Rh8 39. Rf5 Re8 40. Rg1 Kf8 41. Rf2
Ke7 42. Kg4 Rg8 43. Kf5 Rfg7 44. Rfg2 Kf7 45. Rg3 Ke7 46. h4 Kf7 47. hxg5 fxg5
48. Kg4 Ke7 49. Rf3 Rf7 50. Rgf1 Rf4+ 51. Kg3 Rgf8 52. Kg2 Rxf3 53. Rxf3 Rf4
54. Rxf4 exf4 55. Kf3 Kf6 56. e5+ Kxe5 57. Kg4 Ke4 0-1

[Event "Ïåðâåíñòâî Ìîñêâû ïî øàõìàòàì"]
[Site "Ìîñêâà, ÌÃÈÌÎ ïð. Âåðíàäñêîãî,"]
[Date "2018.11.22"]
[Round "6.1"]
[White "Averin, Nikolay"]
[Black "Uskov, Artem"]
[Result "1-0"]
[WhiteElo "1557"]
[BlackElo "1366"]
[PlyCount "171"]
[EventDate "2018.11.18"]

1. e4 c5 2. c3 d5 3. exd5 Qxd5 4. d4 Nf6 5. Nf3 Bg4 6. Be2 e6 7. O-O Nc6 8. Be3
cxd4 9. cxd4 Be7 10. Nc3 Qd6 11. h3 Bh5 12. Qb3 O-O 13. Rfd1 Rfd8 14. Rac1 a6
15. Na4 Qb4 16. Nb6 Qxb3 17. axb3 Rab8 18. g4 Bg6 19. Ne5 Be4 20. f3 Bd5 21. g5
Ne8 22. Ned7 Bxb3 23. Rd3 Bd5 24. Nxb8 Rxb8 25. Nxd5 exd5 26. Bd2 Nd6 27. Bf4
Rd8 28. Bxd6 Rxd6 29. f4 f6 30. h4 Kf7 31. Bf3 Rd7 32. Kf2 Bd8 33. Rc5 Nb4 34.
Rb3 a5 35. Rc1 Bb6 36. Rd1 Rd6 37. Rc3 Rc6 38. Rxc6 bxc6 39. Rd2 Ke7 40. Kg3 f5
41. h5 Kf7 42. Kg2 Bc7 43. Kg3 Bb6 44. Bd1 g6 45. h6 Ke7 46. Bf3 Kf7 47. Bd1
Ke7 48. Ba4 Kf7 49. Kf3 Ke6 50. Ke3 Kd6 51. Rd1 Kd7 52. Rc1 Bc7 53. Rd1 Bb6 54.
Rd2 Kd6 55. Bd1 Bd8 56. Rf2 Ke6 57. Rf1 Be7 58. Ba4 Bd8 59. Rc1 Kd7 60. Bd1 Be7
61. Be2 Bd8 62. Bd3 Nxd3 63. Kxd3 Bc7 64. Ke3 Bd6 65. Ra1 Bb4 66. Ra4 Kd6 67.
Kd3 Kd7 68. Ra2 Kd6 69. Ra1 Kd7 70. Ra4 Kd6 71. Kc2 Be1 72. Kd3 Bb4 73. Ra1 Kd7
74. Rc1 Kd6 75. Rc2 Kd7 76. Re2 Bd6 77. Ke3 Bb4 78. Kf3 Bd6 79. Ke3 Bb4 80. Kf3
Bd6 81. Re1 Be7 82. Re5 Bd8 83. Ke3 Bc7 84. Rxf5 Ke7 85. Rf6 Bd6 86. Rxg6 1-0

[Event "Ïåðâåíñòâî Ìîñêâû ïî øàõìàòàì"]
[Site "Ìîñêâà, ÌÃÈÌÎ ïð. Âåðíàäñêîãî,"]
[Date "2018.11.22"]
[Round "6.2"]
[White "Usov, Aleksandr E"]
[Black "Maslovskiy, Vladimir"]
[Result "1-0"]
[WhiteElo "1640"]
[BlackElo "1231"]
[PlyCount "71"]
[EventDate "2018.11.18"]

1. d4 d5 2. c4 e6 3. Nc3 Nf6 4. Bg5 c6 5. e3 Bb4 6. Bxf6 Qxf6 7. a3 Bxc3+ 8.
bxc3 Nd7 9. Nf3 O-O 10. Bd3 dxc4 11. Bxc4 e5 12. O-O exd4 13. cxd4 Nb6 14. Bd3
Bg4 15. a4 Nd5 16. h3 Bh5 17. g4 Bg6 18. Ne5 Bxd3 19. Qxd3 Qe6 20. a5 f6 21.
Nf3 f5 22. Ne5 fxg4 23. hxg4 Nf6 24. g5 Nd7 25. Qc4 Qxc4 26. Nxc4 Rf5 27. f4
Rb8 28. Rfb1 Rd5 29. Rb2 c5 30. a6 bxa6 31. Rxb8+ Nxb8 32. Ra5 Kf7 33. dxc5 Nc6
34. Rxa6 Rxc5 35. Rxc6 Rxc6 36. Ne5+ 1-0

[Event "Ïåðâåíñòâî Ìîñêâû ïî øàõìàòàì"]
[Site "Ìîñêâà, ÌÃÈÌÎ ïð. Âåðíàäñêîãî,"]
[Date "2018.11.22"]
[Round "6.3"]
[White "Akhmedov, David"]
[Black "Parpiev, Isaak"]
[Result "1-0"]
[WhiteElo "1561"]
[BlackElo "1314"]
[PlyCount "79"]
[EventDate "2018.11.18"]

1. e4 e6 2. d3 d5 3. Nd2 Nf6 4. Ngf3 Nc6 5. c3 dxe4 6. dxe4 Bc5 7. Bb5 O-O 8.
O-O a6 9. Ba4 b5 10. Bc2 e5 11. Qe2 Qe7 12. b4 Bb6 13. a4 Rb8 14. axb5 axb5 15.
Kh1 Bd7 16. Nb3 Rfd8 17. h3 h6 18. Bd3 Na7 19. Be3 Nc8 20. Rfe1 Bxe3 21. Qxe3
c6 22. Ra6 Qd6 23. Bc2 Qc7 24. Qc5 Re8 25. Rd1 Rb6 26. Ra5 Re6 27. Ra8 Kh7 28.
Qf8 Re8 29. Qc5 Re6 30. Re1 Kg8 31. Na5 Kh7 32. Bb3 Re7 33. Re3 g6 34. Nd2 Kg7
35. Rd3 Kh7 36. Rf3 Kg7 37. Kg1 Be6 38. Bxe6 Rxe6 39. Rxc8 Qxc8 40. Qxb6 1-0

[Event "Ïåðâåíñòâî Ìîñêâû ïî øàõìàòàì"]
[Site "Ìîñêâà, ÌÃÈÌÎ ïð. Âåðíàäñêîãî,"]
[Date "2018.11.22"]
[Round "6.4"]
[White "Abdeev, Lev"]
[Black "Tunik, Denis"]
[Result "0-1"]
[WhiteElo "1181"]
[BlackElo "1673"]
[PlyCount "62"]
[EventDate "2018.11.18"]

1. e4 c5 2. c3 d6 3. d4 Nf6 4. Bd3 Nc6 5. Ne2 e6 6. O-O Be7 7. Nd2 O-O 8. Nf3
cxd4 9. cxd4 e5 10. Be3 Bg4 11. dxe5 dxe5 12. Ne1 Nb4 13. f3 Be6 14. a3 Nxd3
15. Nxd3 Bc4 16. Nec1 Qa5 17. b4 Qb5 18. a4 Qa6 19. b5 Bxb5 20. Qb3 Bc4 21. Qc3
Rfd8 22. Rd1 Bf8 23. Qc2 Rac8 24. Qb1 Rd7 25. Qc2 Rcd8 26. Nf2 Qa5 27. h3 Rxd1+
28. Nxd1 Qe1+ 29. Kh2 Rxd1 30. Qxc4 Nh5 31. Ne2 Qh1# 0-1